| 000 | 01831nam a2200469Ii 4500 | ||
|---|---|---|---|
| 001 | DIGUOCES0213 | ||
| 003 | NyNyDIG | ||
| 006 | m o d | ||
| 007 | cr ||||||||||| | ||
| 008 | 220322s2017 sp a ob 000 0 spa d | ||
| 035 | _a(OCoLC)1319855978 | ||
| 040 |
_aDGITA _beng _erda _epn _cDGITA |
||
| 020 |
_a9788491168041 _qeBook _qpdf |
||
| 020 | _z9788491168034 | ||
| 050 | 1 | 4 | _aQA76.7 ebook |
| 082 | 0 | 4 | _a005.133 |
| 100 | 1 |
_aLiviano Solís, Daniel, _eauthor. |
|
| 245 | 1 | 0 |
_aAnálisis cuantitativo con R : _bmatemáticas, estadística y econometría / _cDaniel Liviano Solís, María Pujol Jover. |
| 250 | _aPrimera edición digital. | ||
| 264 | 1 |
_aBarcelona : _bEditorial UOC, _c[2017] |
|
| 300 |
_a1 online resource : _billustrations. |
||
| 336 |
_atext _btxt _2rdacontent |
||
| 337 |
_acomputer _bc _2rdamedia |
||
| 338 |
_aonline resource _bcr _2rdacarrier |
||
| 347 |
_atext file _2rdaft |
||
| 347 | _bPDF | ||
| 490 | 1 | _aTecnología | |
| 504 | _aIncludes bibliographical references. | ||
| 588 | 0 | _aOnline resource; title from PDF title page (Digitalia, viewed March 22, 2022) | |
| 650 | 0 | _aProgramming languages (Electronic computers) | |
| 650 | 0 | _aR (Computer program language) | |
| 650 | 0 |
_aStatistics _xData processing. |
|
| 655 | 0 | _aElectronic books. | |
| 700 | 1 |
_aPujol Jover, Maria, _eauthor. |
|
| 791 | 2 |
_aDigitalia (Firm), _edistributor. |
|
| 793 | 0 |
_gDigitalia eBook Collection: _aUniversitat Oberta de Catalunya |
|
| 776 | 0 | 8 |
_iPrint version: _aLiviano Solís, Daniel. _tAnálisis cuantitativo con R. _bPrimera edición en lengua castellana. _dBarcelona : Editorial UOC, [2017] _z9788491168034 |
| 830 | 0 |
_aManuales (Editorial UOC). _pTecnología. |
|
| 856 | 4 | 0 |
_3Digitalia Hispánica _uhttps://www.digitaliapublishing.com/a/79201/ |
| 910 | _aPremium collection: 2022 | ||
| 942 | _cRAA | ||
| 999 |
_c264309 _d264309 |
||